[Event "RUS-chT Blitz Women 2018"]
[Site "Sochi"]
[Date "2018.10.10"]
[Round "13"]
[White "Bodnaruk, Anastasia"]
[Black "Solozhenkina, Elizaveta"]
[Result "0-1"]
[WhiteElo "2423"]
[BlackElo "2276"]
[Annotator "TA"]
[PlyCount "126"]
[EventDate "2018.10.10"]
[EventType "swiss"]
[EventCountry "RUS"]
[SourceTitle "playchess.com"]
[Source "ChessBase"]
[SourceQuality "1"]

{[%evp 19,125,25,21,1,14,5,33,2,4,-5,26,16,27,9,32,29,278,73,150,44,40,13,13,0,0,0,60,46,45,39,132,132,143,126,156,139,168,159,158,122,222,217,216,214,194,150,234,-48,-51,-158,-140,-148,-27,-28,0,0,0,0,0,0,0,-29,0,0,0,0,0,0,0,0,0,-23,0,-25,0,-44,0,-492,-485,-3400,-2202,-5597,-5487,-29982,-5389,-29993,-29993,-29994,-29995,-29995,-29996,-29996,-29996,-29996,-29996,-29996,-29990,-29990,-29986,-29988,-29989,-29996,-29997,-29997,-29998,-29998,-29999,-29999]} 1. e4 {Stohl,I} c6 {[%cal Bc7c6,Bc6c5][%mdl 32]} 2. d4 d5 3. e5 Bf5 4. Nf3 e6 5. Be2 c5 6. O-O Nc6 7. c3 Bg6 8. a3 {B12: Caro-Kann (Vorstoß-Variante)} cxd4 9. cxd4 Nge7 10. b4 Nc8 {[%cal Be7c8,Bc8b6,Bb6a4][%mdl 32] LiveBook: 4 Partien} 11. Bb2 (11. Bg5 Be7 12. Bxe7 Qxe7 13. Nbd2 Nb6 14. Rc1 O-O 15. Qb3 a5 16. bxa5 Nc4 17. Nxc4 dxc4 18. Qxc4 Rxa5 19. a4 {½-½ (19) Dominguez Perez,L (2739)-Mamedyarov,S (2768) Doha 2016}) 11... Be7 12. Nbd2 O-O 13. Rc1 Nb6 {[#]} 14. Nb3 $146 ({Vorgänger:} 14. Bc3 a6 15. Ne1 Qd7 {0-1 (47) Fedoseev,V (2667)-Dreev,A (2652) Moscow 2016 CBM 176 [Stohl,I]}) 14... Na4 15. Ba1 h6 16. Ne1 Rc8 17. Nd3 b6 $2 (17... Qb6 $11) 18. Ne1 $2 (18. Nf4 $1 $18 {und der Rest ist Schweigen.}) 18... a5 {[#]} (18... Nb8 $142) 19. Bb5 (19. Nd2 $1 $16) 19... Na7 $1 $14 {[%cal Ra7b5]} 20. Bxa4 axb4 21. axb4 {[%cal Ba3b4,Bb4b5,Bb5b6][%mdl 32]} b5 $1 22. Nc5 {Und weiter mit Lc2 wäre nett.} Bxc5 (22... bxa4 $11 23. Qxa4 Qb6) 23. dxc5 {zielt auf Lc2 ab.} bxa4 24. Qxa4 Nc6 (24... Ra8 $1 $14) 25. b5 $36 {[%mdl 2048] Schwarz steht unter starkem Druck.} Ra8 26. Qd1 Na5 27. Bd4 Nc4 28. b6 Qd7 29. Nd3 Bxd3 (29... Qc6 $16 {war nötig.} 30. Rc3 Bf5) 30. Qxd3 $18 Ra3 31. Qc2 Rfa8 32. Ra1 Qc6 (32... Rxa1 $16 33. Rxa1 Rxa1+ 34. Bxa1 Qb5) 33. h3 $2 (33. Rxa3 $18 Nxa3 34. Qd3) 33... Rxa1 $15 34. Rxa1 (34. Bxa1 $15 Qxc5 35. b7) 34... Rxa1+ $17 35. Bxa1 {Schwarz muss nun Da2 beachten.} Nxb6 ({Lieber} 35... Qxc5 $17 36. b7 Qb6) 36. Bd4 $11 Nc4 37. Qa2 Kh7 38. Qb1+ Kg8 39. Qa2 Kh7 40. g3 Kg8 41. Kg2 Kh7 42. h4 Kg8 43. Qb1 Qc7 44. f4 Qc6 45. Qa2 Kh7 46. Kh3 Kg8 47. g4 Qb7 48. Qa4 $2 {[%mdl 8192] [#]} (48. f5 $11 {und Weiss ist OK.}) 48... Qb1 $1 $19 {[%cal Rb1d3]} 49. Kg2 (49. Kh2 $142 Qe1 50. Qc2 Qxh4+ 51. Kg2 Qxg4+ 52. Kf1) 49... Qe4+ 50. Kf1 Qxd4 51. Qa8+ Kh7 {( -> ...Dd2)} 52. c6 Qxf4+ {Schwarz setzt Matt.} 53. Ke2 Qe3+ 54. Kf1 Nd2+ 55. Kg2 Qf3+ 56. Kg1 Qxg4+ 57. Kf2 Qf3+ 58. Ke1 Qe3+ 59. Kd1 Ne4 {[%csl Ge4][%cal Re3d2]} 60. Kc2 Qc3+ 61. Kb1 Nd2+ 62. Ka2 Qb3+ 63. Ka1 Qb1# {Precision: Weiß = 36%, Schwarz = 39%.} 0-1

[Event "RUS-chT Blitz Women 2018"]
[Site "Sochi"]
[Date "2018.10.10"]
[Round "13"]
[White "Kovanova, Baira"]
[Black "Girshgorn, Maria"]
[Result "1-0"]
[WhiteElo "2350"]
[BlackElo "1949"]
[Annotator "TA"]
[PlyCount "53"]
[EventDate "2018.10.10"]
[EventType "swiss"]
[EventCountry "RUS"]
[SourceTitle "playchess.com"]
[Source "ChessBase"]
[SourceQuality "1"]

{[%evp 11,53,7,6,0,-3,-24,-20,-35,-31,-56,-36,-122,35,40,29,14,54,32,46,32,56,13,14,3,-3,4,7,-116,-110,-138,243,235,326,330,371,370,1633,1558,29998,29999,29999,1317,1251,1224]} 1. Nf3 Nf6 2. g3 g6 3. Bg2 Bg7 4. O-O O-O 5. d3 d6 6. e4 Nbd7 7. Qe2 {A05: Übergänge in verschiedene Eröffnungen} (7. a4 e5 8. a5 a6 9. c3 Re8 10. Ne1 Nf8 11. h3 Nh5 12. Na3 Ne6 13. Nc4 h6 14. Nc2 Ng5 {1-0 (46) Vujadinovic,G (2370)-Nadj,V (2156) Vrbas 2011}) 7... e5 8. Nh4 $146 ({Vorgänger:} 8. Nc3 a6 9. Nh4 Nc5 10. h3 Ne6 11. Nf3 Bd7 12. Be3 Qc8 13. Kh2 b5 14. Nd5 Nxd5 15. exd5 {½-½ (39) Perez Cameselle,F (1868)-Roldan Garcia,A (1840) Madrid 2016}) 8... Nc5 9. h3 {Die Stellung ist ausgeglichen.} c6 10. Nc3 Bd7 11. f4 ({Günstiger ist} 11. Be3 $15) 11... Ne6 $2 (11... Nh5 $17 12. Qf2 exf4 13. gxf4 f5) 12. f5 $1 $14 {[%cal Rf5e6]} Nd4 13. Qf2 b5 14. Be3 b4 15. Nd1 c5 {[%cal Bc6c5,Bc5d4][%mdl 32]} 16. Qd2 Nh5 17. Kh2 Bf6 {Weiss muss nun ...Sxg3! beachten.} 18. Nf3 gxf5 19. Nxd4 (19. Bxd4 $1 $11 cxd4 20. exf5) 19... cxd4 $17 20. Bh6 {[#]} Bg7 $2 {[%mdl 8192]} (20... f4 $1 $17 {[%mdl 512] zielt auf ...Lg7 ab.} 21. gxf4 Nxf4 $1 {[%mdl 512]}) 21. exf5 $18 {[%cal Be4f5,Bf5f6][%mdl 32]} Rb8 {[#]} 22. Bxg7 $1 Nxg7 {[#]} 23. f6 $1 Ne6 $2 (23... Kh8 24. Qh6 Rg8) 24. Qh6 {jetzt Le4 und aus.} Kh8 25. Be4 {[%csl Ge4][%cal Rh6h7]} Ng5 26. Qxg5 (26. Qg7# $142) 26... Rg8 27. Qh6 {Precision: Weiß = 30%, Schwarz = 26%.} 1-0

[Event "RUS-chT Blitz Women 2018"]
[Site "Sochi"]
[Date "2018.10.10"]
[Round "13"]
[White "Belenkaya, Dina"]
[Black "Potapova, Margarita"]
[Result "0-1"]
[WhiteElo "2329"]
[BlackElo "2284"]
[Annotator "TA"]
[PlyCount "172"]
[EventDate "2018.10.10"]
[EventType "swiss"]
[EventCountry "RUS"]
[SourceTitle "playchess.com"]
[Source "ChessBase"]
[SourceQuality "1"]

{[%evp 26,172,12,0,0,0,0,0,0,0,-4,-14,-13,-13,-7,-8,-9,-17,0,0,0,0,3,-176,-179,-517,-185,-166,-175,-177,-183,-545,-544,-547,-536,-1251,-643,-565,-345,-334,-317,-387,-391,-380,-381,-357,-329,-346,-337,-502,-492,-571,-520,-520,-520,-515,-461,-530,-525,-654,-601,-555,-504,-493,-445,-489,-478,-479,-456,-470,-471,-456,-300,-304,0,-303,-250,-240,-232,-301,-273,-327,-282,-350,-308,-498,-498,-785,-643,-619,-600,-743,-694,-711,0,-661,0,-627,0,-462,-364,-610,-609,-586,-552,-402,0,-575,-545,-917,-912,-864,-807,-2149,-1762,-990,-806,-2815,-2898,-2041,-1516,-4714,-4133,-29972,-29973,-29981,-29982,-29984,-29985,-29986,-29986,-29986,-29986,-29990,-29988,-29989,-29990,-29990,-29990,-29990,-29991,-29991,-29989,-29990,-29989,-29992,-29993,-29993,-29990]} 1. e4 e5 2. Nf3 Nc6 3. Nc3 Nf6 4. d4 exd4 5. Nxd4 Bb4 6. Nxc6 bxc6 7. Bd3 O-O 8. O-O d5 9. exd5 cxd5 10. Bg5 c6 11. Qf3 Be7 12. h3 h6 13. Bf4 {C47: Scotch Four Knights and Four Knights with 4 g3} Bd6 14. Ne2 {LiveBook: 11 Games} (14. Rfe1 Rb8 15. b3 Rb4 16. Bxd6 Qxd6 17. Qe3 a5 18. Qe7 Rd8 {½-½ (71) Mastrovasilis,D (2601)-Salgado Lopez,I (2662) Baku 2016}) 14... Rb8 15. b3 {The position is equal.} c5 16. Rad1 Bb7 17. Bxd6 Qxd6 18. Nf4 d4 19. Qg3 $146 Ne4 $36 {[%mdl 2048] Black is pushing.} 20. Bxe4 Bxe4 21. Rd2 Rbe8 22. Re1 Bf5 23. Rde2 Rd8 24. Re5 $2 {[#]} (24. Kh2 $11) 24... Bxc2 $19 {aiming for ...d3.} 25. Nd3 $2 (25. Rd5 Qb8 26. Ree5) 25... Qg6 $2 (25... f6 26. Rxc5 Qxg3 27. fxg3 Bxd3) 26. Qxg6 fxg6 27. Nb2 d3 28. Nd1 $2 (28. Rc1 {is more resistant.}) 28... d2 29. Rf1 Bd3 30. Rxc5 Rc8 31. Rd5 Bxf1 32. Kxf1 {[%mdl 4096] Endgame KRR-KRN} Rc2 33. a4 Re8 {[%csl Gd2][%cal Re8e1]} 34. Ne3 Rb2 35. Ke2 {[#]} d1=Q+ $1 36. Kxd1 Rxf2 37. Rd3 (37. Rd2 {only move.} Rxd2+ 38. Kxd2) 37... Rb2 38. g4 Rf8 39. Kc1 Rh2 40. Nd1 Rc8+ 41. Kb1 h5 42. Nc3 Rf8 43. Nd1 hxg4 44. hxg4 Rf1 45. Rd8+ Kf7 46. Rd7+ Kf8 47. Rd8+ Ke7 48. Rd3 Rhh1 49. Kc2 Rh2+ $2 (49... Rf4 $19 50. Ne3 Ke8) 50. Kc3 $2 {[%mdl 8192]} (50. Kb1 $1 $11 Rg1 51. Kc1) 50... Rg1 51. Ne3 Ke8 52. Kd4 Rg3 53. Rc3 Kd7 54. Ke4 Rhh3 55. Kd4 $2 (55. Rd3+ {is the only way for White.} Kc8 56. b4) 55... g5 56. Ke4 (56. a5 $142 Rf3 57. b4) 56... Rf3 57. Rd3+ Ke8 58. Rc3 Rf4+ 59. Ke5 Rff3 60. Ke4 Rf4+ 61. Ke5 $1 Rff3 62. Ke4 Rf6 63. Rd3 $2 (63. Kd4 Rf4+ 64. Kd5) 63... Re6+ 64. Kd4 Rd6+ 65. Kc4 Re6 $2 (65... Rxd3 $19 66. Kxd3 a5) 66. Nf5 $2 {[%mdl 8192]} (66. Kd4 $1 $11 {and White stays safe.} Rd6+ 67. Ke4 Rxd3 68. Kxd3) 66... Re4+ 67. Kc3 Rxd3+ 68. Kxd3 Rxg4 69. Nxg7+ {KR-KN} Kf7 70. Nf5 Kf6 71. Nd6 Rg3+ 72. Kc4 Ke5 73. Nb5 a6 {[%cal Ba7a6,Ba6a5][%mdl 32]} 74. Nc7 a5 {Black mates.} 75. b4 Rg4+ 76. Kc5 Rxb4 77. Nb5 Rxa4 78. Nc3 Rb4 79. Kc6 g4 80. Ne2 Rb3 81. Kc5 g3 82. Kc4 Re3 83. Ng1 g2 84. Kb5 Rb3+ 85. Kxa5 Rb1 86. Nh3 g1=Q {Precision: White = 31%, Black = 60%.} 0-1

[Event "RUS-chT Blitz Women 2018"]
[Site "Sochi"]
[Date "2018.10.10"]
[Round "13"]
[White "Maletina, Tatiana"]
[Black "Ovod, Evgenija"]
[Result "0-1"]
[WhiteElo "2270"]
[BlackElo "2363"]
[Annotator "TA"]
[PlyCount "93"]
[EventDate "2018.10.10"]
[EventType "swiss"]
[EventCountry "RUS"]
[SourceTitle "playchess.com"]
[Source "ChessBase"]
[SourceQuality "1"]

{[%evp 19,93,6,18,18,18,17,25,16,21,0,11,-6,-1,-14,0,-5,-4,-13,0,0,0,0,0,0,0,0,0,0,0,0,0,-225,-224,-212,-214,-284,-289,-301,-261,-266,-175,-299,-295,-315,-313,-368,-301,-646,-415,-458,-293,-422,-422,-414,-405,-728,-783,-886,-813,-1205,-1191,-1524,-1240,-29982,-29983,-29981,-29982,-29986,-29987,-29988,-29989,-29989,-29990,-29990,-29988,-29984]} 1. d4 e6 2. c4 f5 3. g3 Nf6 4. Bg2 d5 5. b3 c6 6. Nf3 Bd6 7. O-O Qe7 8. Bf4 Bxf4 9. gxf4 O-O 10. Nbd2 Bd7 11. e3 {A90: Dutch Defence: Miscellaneous and Modern Stonewall (with ...Bd6)} (11. Ne5 Be8 12. Qc2 Bh5 13. f3 c5 14. dxc5 Qxc5+ 15. Kh1 Nc6 16. Rac1 Qe3 17. cxd5 exd5 18. Qd3 Qxf4 19. Nxc6 bxc6 20. Rxc6 {½-½ (62) Ftacnik,L (2570)-Nikolic,P (2636) Germany 2011}) 11... Be8 12. Ne5 Bh5 13. Bf3 {White has an edge.} Bxf3 14. Qxf3 Nbd7 15. Kh1 $146 ({Predecessor:} 15. Nxd7 Qxd7 16. Kh1 Ne4 17. Nxe4 fxe4 18. Qh3 Qf7 19. Rg1 {1-0 (49) Ristic,N (2346)-Jefic,S (2103) Senta 2007}) 15... Ne4 16. Nxe4 fxe4 (16... dxe4 {is interesting.} 17. Qe2 Nxe5 18. dxe5 Rad8 19. Rad1 h6) 17. Qg3 Nxe5 18. dxe5 Rf7 19. Rad1 Raf8 20. Qg4 Rf5 21. Rg1 Kh8 22. cxd5 exd5 23. Rg2 g6 24. Qe2 a6 25. f3 $2 (25. Rg4 $1 $11 {and White has nothing to worry.}) 25... exf3 $19 26. Qxf3 {[#]} Rxe5 $1 {[%mdl 512]} 27. Re1 (27. fxe5 Rxf3) 27... Re4 28. Rge2 Qf6 29. Qg4 Qf5 30. Qh4 (30. Qxf5 {is a better defense.} Rxf5 31. Kg1) 30... Rfe8 31. Qg3 d4 {[%cal Bd5d4,Bd4d3][%mdl 32]} 32. Qf3 d3 33. Rf2 $2 {[#]} (33. Rd2) 33... Qd5 34. Kg2 Rxe3 35. Rxe3 (35. Qxd5 {was the only defense.} cxd5 36. Rxe3 Rxe3 37. f5) 35... Rxe3 36. Qxd5 cxd5 {[%mdl 4096] Endgame KR-KR} 37. Kf1 (37. f5 $142) 37... Kg7 38. Rd2 Kf6 39. Rd1 Kf5 40. Kf2 Kxf4 41. a4 Re2+ {Black mates.} 42. Kf1 Ke3 43. h4 d2 44. Rb1 Rh2 45. Kg1 Rxh4 46. Kg2 Ke2 47. Kg3 {Precision: White = 31%, Black = 70%.} 0-1

[Event "RUS-chT Blitz Women 2018"]
[Site "Sochi"]
[Date "2018.10.10"]
[Round "13"]
[White "Suslova, Alena"]
[Black "Sakorenko, Adriana"]
[Result "1-0"]
[WhiteElo "2157"]
[BlackElo "2061"]
[Annotator "TA"]
[PlyCount "89"]
[EventDate "2018.10.10"]
[EventType "swiss"]
[EventCountry "RUS"]
[SourceTitle "playchess.com"]
[Source "ChessBase"]
[SourceQuality "1"]

{[%evp 9,89,4,3,9,7,-36,-38,-37,-32,-48,-50,-49,-50,-47,-48,-79,-27,-44,-23,-100,-104,-194,-30,-24,-17,-17,0,-16,0,0,-8,-44,33,33,35,34,54,50,51,18,64,60,50,13,6,12,10,8,75,75,297,291,291,283,295,305,306,285,270,261,473,457,600,600,583,656,653,627,664,646,856,862,968,927,1346,1262,1787,1777,4927,3319,29979,29980]} 1. c4 e6 2. g3 d5 3. Bg2 Nf6 4. Nf3 dxc4 5. Qa4+ Bd7 6. Qxc4 {A13: English Opening: 1...e6} c5 7. a4 $146 ({Predecessor:} 7. Ne5 Qc8 8. Qd3 Nc6 9. Nxd7 Nxd7 10. Nc3 Be7 11. O-O O-O 12. b3 Rd8 13. Bb2 Nb6 {1-0 (81) So,W (2780)-Wei,Y (2729) chess.com INT 2018}) 7... Nc6 8. O-O {Black is slightly better.} Be7 9. d3 O-O 10. Be3 b6 11. Nc3 Rc8 12. Rac1 Na5 ({Black should try} 12... e5 $17) 13. Qa2 $1 $11 Bc6 14. Rfd1 {[#]} (14. Bd2 $11) 14... Nd5 $1 $17 15. Ne5 (15. Nxd5 $17 Qxd5 16. Qa3) 15... Nxc3 $2 (15... Nxe3 $19 16. fxe3 Bg5 17. Nxc6 Bxe3+ 18. Kh1 Nxc6) 16. bxc3 $11 Bxg2 17. Kxg2 Bf6 18. Nf3 (18. Ng4 {feels hotter.} Re8 19. h4 Be7 20. Bf4 Bd6 21. Bxd6 Qxd6 22. e4) 18... Qd5 19. Qxd5 exd5 20. d4 c4 (20... Nc4 $15) 21. Bf4 $14 Rfe8 22. Rc2 Nc6 23. h4 Be7 24. Ne5 f6 25. Nxc6 Rxc6 26. f3 Bd6 27. Bxd6 Rxd6 $11 {[%mdl 4096] Endgame KRR-KRR} 28. Kf2 Rde6 {[#]} (28... f5 $11 {remains equal.}) 29. Rb1 $1 $16 Re3 $2 (29... f5 $16 {might work better.}) 30. Rb5 $18 Kf7 31. Rxd5 R3e6 32. e4 a6 33. Rd7+ R6e7 34. Rxe7+ Rxe7 $2 {KR-KR} (34... Kxe7 35. Rb2 Rb8) 35. Ke3 Ke6 36. Rb2 Rb7 37. d5+ Kd6 38. Kd4 h6 39. Kxc4 g5 40. hxg5 fxg5 41. Kd4 h5 42. e5+ Ke7 43. Rh2 b5 44. axb5 axb5 45. Rxh5 {Precision: White = 49%, Black = 28%.} 1-0

[Event "RUS-chT Blitz Women 2018"]
[Site "Sochi"]
[Date "2018.10.10"]
[Round "13"]
[White "Mukhina, Jana"]
[Black "Shestakova, Ekaterina"]
[Result "1-0"]
[WhiteElo "2072"]
[BlackElo "1886"]
[Annotator "NA RC"]
[PlyCount "143"]
[EventDate "2018.10.10"]
[EventType "swiss"]
[EventCountry "RUS"]
[SourceTitle "playchess.com"]
[Source "ChessBase"]
[SourceQuality "1"]
[TimeControl "180+2"]

1. e4 {[%emt 0:00:00]} c5 {[%emt 0:00:00]} 2. Nf3 {[%emt 0:00:00]} Nc6 {[%emt 0:00:00]} 3. Bb5 {[%emt 0:00:00]} g6 {[%emt 0:00:02]} 4. Bxc6 bxc6 {[%emt 0:00:01]} 5. O-O {[%emt 0:00:02]} Bg7 {[%emt 0:00:01]} 6. Re1 {[%emt 0:00:00]} Nf6 {[%emt 0:00:09]} 7. e5 {[%emt 0:00:01]} Nd5 {[%emt 0:00:01]} 8. c4 {[%emt 0:00:00]} Nc7 {[%emt 0:00:01]} 9. d4 {[%emt 0:00:01]} cxd4 {[%emt 0:00:01]} 10. Qxd4 {[%emt 0:00:02]} d5 {[%emt 0:00:02]} 11. Qh4 {[%emt 0:00:25]} O-O {[%emt 0:00:16]} 12. Bh6 {[%emt 0:00:08]} Ne6 {[%emt 0:00:12]} 13. cxd5 {[%emt 0:00:33]} cxd5 {[%emt 0:00:07]} 14. Ng5 {[%emt 0:00:03]} Nxg5 {[%emt 0:00:06]} 15. Bxg5 {[%emt 0:00:01]} f6 {[%emt 0:00:14]} 16. exf6 {[%emt 0:00:03]} exf6 {[%emt 0:00:03]} 17. Bh6 {[%emt 0:00:30]} Bf5 {[%emt 0:00:10]} 18. Bxg7 {[%emt 0:00:13]} Kxg7 {[%emt 0:00:01]} 19. Qd4 {[%emt 0:00:12]} Re8 {[%emt 0:00:52]} 20. Nc3 {[%emt 0:00:05]} Qd7 {[%emt 0:00:18]} 21. Qxd5 {[%emt 0:00:50]} Qxd5 {[%emt 0:00:12]} 22. Nxd5 {[%emt 0:00:01]} Rad8 {[%emt 0:00:07]} 23. Ne3 {[%emt 0:00:01]} Be6 {[%emt 0:00:11]} 24. Rad1 {[%emt 0:00:09]} Bxa2 {[%emt 0:00:11]} 25. Rxd8 {[%emt 0:00:16]} Rxd8 26. Ra1 {[%emt 0:00:00]} Bf7 {[%emt 0:00:06]} 27. Rxa7 {[%emt 0:00:06]} Rb8 {[%emt 0:00:04]} 28. Nd1 {[%emt 0:00:08]} Rb3 {[%emt 0:00:02]} 29. h3 {[%emt 0:00:01]} f5 {[%emt 0:00:02]} 30. Ra1 {[%emt 0:00:03]} Bd5 {[%emt 0:00:05]} 31. Ne3 {[%emt 0:00:01]} Bf7 {[%emt 0:00:05]} 32. Nd1 {[%emt 0:00:03]} Bd5 {[%emt 0:00:01]} 33. Rc1 {[%emt 0:00:00]} Bf7 {[%emt 0:00:03]} 34. Rc2 {[%emt 0:00:01]} Kf6 {[%emt 0:00:03]} 35. Rd2 {[%emt 0:00:01]} Kg7 {[%emt 0:00:02]} 36. Nc3 {[%emt 0:00:01]} h6 {[%emt 0:00:02]} 37. f4 {[%emt 0:00:01]} g5 {[%emt 0:00:04]} 38. g3 {[%emt 0:00:00]} gxf4 {[%emt 0:00:04]} 39. gxf4 {[%emt 0:00:01]} h5 {[%emt 0:00:03]} 40. Kf2 {[%emt 0:00:05]} Kf6 {[%emt 0:00:03]} 41. Rd6+ {[%emt 0:00:01]} Be6 {[%emt 0:00:02]} 42. Rd2 {[%emt 0:00:03]} Bf7 {[%emt 0:00:01]} 43. Kg3 {[%emt 0:00:01]} Kg7 {[%emt 0:00:04]} 44. Kh4 {[%emt 0:00:01]} Rb4 {[%emt 0:00:03]} 45. Rf2 {[%emt 0:00:01]} Bg6 {[%emt 0:00:02]} 46. Kg5 {[%emt 0:00:10]} Rb3 {[%emt 0:00:03]} 47. Rd2 {[%emt 0:00:02]} Rb7 {[%emt 0:00:02]} 48. Ne2 {[%emt 0:00:02]} Kh7 {[%emt 0:00:03]} 49. Nd4 {[%emt 0:00:02]} Kg7 {[%emt 0:00:03]} 50. Nxf5+ {[%emt 0:00:01]} Bxf5 {[%emt 0:00:02]} 51. Kxf5 {[%emt 0:00:01]} Rb5+ {[%emt 0:00:01]} 52. Ke4 {[%emt 0:00:01]} Kf6 {[%emt 0:00:02]} 53. Rd6+ {[%emt 0:00:01]} Ke7 {[%emt 0:00:02]} 54. Rh6 {[%emt 0:00:03]} Rxb2 {[%emt 0:00:02]} 55. Rxh5 {[%emt 0:00:02]} Re2+ {[%emt 0:00:03]} 56. Kf5 {[%emt 0:00:01]} Kf7 {[%emt 0:00:03]} 57. Rh7+ {[%emt 0:00:00]} Kg8 {[%emt 0:00:01]} 58. Ra7 {[%emt 0:00:05]} Rg2 {[%emt 0:00:03]} 59. h4 {[%emt 0:00:02]} Rh2 {[%emt 0:00:02]} 60. Kg5 {[%emt 0:00:03]} Rg2+ {[%emt 0:00:01]} 61. Kf6 {[%emt 0:00:01]} Rh2 {[%emt 0:00:03]} 62. Ra8+ {[%emt 0:00:02]} Kh7 {[%emt 0:00:00]} 63. f5 {[%emt 0:00:01]} Rxh4 {[%emt 0:00:03]} 64. Kf7 {[%emt 0:00:03]} Rf4 {[%emt 0:00:03]} 65. f6 {[%emt 0:00:01]} Kh6 {[%emt 0:00:03]} 66. Ra1 {[%emt 0:00:07]} Kg5 {[%emt 0:00:05]} 67. Rg1+ {[%emt 0:00:01]} Kh6 {[%emt 0:00:01]} 68. Ke7 {[%emt 0:00:02]} Re4+ {[%emt 0:00:01]} 69. Kf8 {[%emt 0:00:01]} Rf4 {[%emt 0:00:03]} 70. f7 {[%emt 0:00:01]} Re4 {[%emt 0:00:03]} 71. Rg2 {[%emt 0:00:04]} Re5 {[%emt 0:00:01]} 72. Kg8 {[%emt 0:00:02]} 1-0

[Event "RUS-chT Blitz Women 2018"]
[Site "Sochi"]
[Date "2018.10.10"]
[Round "13"]
[White "Faizutdinova, Diana"]
[Black "Styazhkina, Anna"]
[Result "0-1"]
[WhiteElo "2061"]
[BlackElo "2268"]
[Annotator "TA"]
[PlyCount "56"]
[EventDate "2018.10.10"]
[EventType "swiss"]
[EventCountry "RUS"]
[SourceTitle "playchess.com"]
[Source "ChessBase"]
[SourceQuality "1"]

{[%evp 9,56,20,25,19,25,-2,50,50,45,0,0,0,5,0,16,14,14,13,13,7,25,24,31,36,73,35,51,35,52,40,69,48,70,58,53,0,0,-45,-12,-33,-26,-77,-68,-173,-175,-29987,-29988,-6025,-500]} 1. c4 e5 2. Nf3 Nc6 3. d4 exd4 4. Nxd4 Bb4+ 5. Bd2 Bxd2+ (5... Bc5 6. Nb3 Be7 7. Nc3 Nf6 8. Bg5 O-O 9. e3 Ne5 10. Nd4 d6 11. Be2 c6 12. Qc2 Re8 {½-½ (27) Rakhmanov,A (2648)-Motylev,A (2656) Tallinn 2016}) 6. Qxd2 {A20: English Opening: 1...e5} Nf6 7. g3 O-O (7... Nxd4 $11 8. Qxd4 d5) 8. Bg2 $14 {White is slightly better.} Qe7 $146 ({Predecessor:} 8... Re8 9. O-O Nxd4 10. Qxd4 d6 11. Nc3 {0-1 (22) Heitmann,S-Hill,S (1290) The Kaf 2001}) 9. Nxc6 dxc6 10. O-O Bf5 11. Nc3 Rad8 12. Qf4 Bg6 13. Rad1 h6 14. b3 Rd6 15. Rxd6 cxd6 16. Rd1 Rd8 17. e4 Ne8 18. Qe3 a6 19. Qb6 Rd7 20. Qd4 Nc7 21. e5 {[%cal Re5d6]} Ne8 22. f4 (22. Ne4 $14) 22... Bf5 $11 23. Qe3 dxe5 (23... Nf6 $5) 24. Rxd7 Qxd7 25. Qxe5 (25. fxe5 $11 {remains equal.} Nc7 26. Be4) 25... Nf6 $17 26. h3 (26. Qb8+ $15 Kh7 27. Qe5) 26... Bxh3 $19 27. Ne4 $2 {[#]} (27. Qe3 $19) 27... Qd1+ 28. Kh2 Ng4+ {Precision: White = 29%, Black = 17%.} 0-1

[Event "RUS-chT Blitz Women 2018"]
[Site "Sochi"]
[Date "2018.10.10"]
[Round "13"]
[White "Kirchei, Viktoriia"]
[Black "Pogonina, Natalija"]
[Result "1-0"]
[WhiteElo "2002"]
[BlackElo "2485"]
[Annotator "TA"]
[PlyCount "81"]
[EventDate "2018.10.10"]
[EventType "swiss"]
[EventCountry "RUS"]
[SourceTitle "playchess.com"]
[Source "ChessBase"]
[SourceQuality "1"]

{[%evp 23,81,13,10,-11,0,0,8,-43,-40,-18,-6,-18,0,-22,-25,-23,-23,-134,-101,-110,-30,-62,-44,-45,-33,-114,-61,-144,-40,-116,-56,-104,-58,-58,-52,-47,-49,-50,0,0,0,0,0,-2,0,-167,-152,-313,-81,-98,-68,-62,276,-64,0,-25,-15,-1225,-832,-752]} 1. e4 e5 2. Nf3 Nc6 3. Bb5 {[%cal Bf1b5,Bb5a4,Ba4b3][%mdl 32]} a6 4. Ba4 Nf6 5. O-O Be7 6. Re1 b5 7. Bb3 d6 8. c3 O-O 9. h3 Nb8 10. d4 Nbd7 11. Bg5 Bb7 12. Nbd2 h6 {LiveBook: 18 Partien. C95: Spanische Partie (Breyer-Variante)} (12... c5 13. Qe2 h6 14. Bh4 Re8 15. Rad1 Qc7 16. Bg3 Bf8 17. d5 c4 18. Bc2 a5 19. Nh2 Nc5 20. Ng4 Nxg4 21. Qxg4 {0-1 (49) Tomulic,T (2271)-Plenca,J (2431) Sveti Filip i Jakov 2017}) 13. Bxf6 Bxf6 14. Nf1 c5 {[%cal Bc7c5,Bc5c4][%mdl 32] Die Stellung ist ausgeglichen.} 15. d5 (15. dxe5 $11 Nxe5 16. Nxe5 Bxe5 17. Bd5 Bxd5 18. Qxd5) 15... c4 $15 16. Bc2 Qc7 $146 ({Vorgänger:} 16... Nc5 17. Ne3 Bc8 18. Qe2 Bg5 19. b4 Nb7 20. a4 {½-½ (51) Koskinen,U-Tiemann,H Finland 1971}) 17. Qd2 Kh7 18. N3h2 g6 $36 {[%mdl 2048] Schwarz hat Initiative.} 19. Ng4 Bg7 20. f4 (20. Reb1 $11 {bleibt in der Remisbreite.}) 20... exf4 21. Qxf4 Ne5 (21... h5 $17 22. Nge3 b4 $1 {[%mdl 512]} 23. cxb4 Be5) 22. Nfe3 Qe7 23. Rf1 Rad8 24. Nh2 (24. Nxe5 $15 Bxe5 25. Qf2) 24... Bc8 (24... Rde8 $17 25. Rad1 h5) 25. g4 (25. Nf3 $15) 25... Qg5 ({Besser ist} 25... h5 $17 {Und weiter mit ...Th8 wäre nett.} 26. Rae1 Rh8) 26. Qg3 ({Lieber} 26. Qxg5 $15 hxg5 27. a4) 26... Bf6 (26... a5 $17 27. a3 h5) 27. Rf2 Qh4 28. Qg2 Bg5 29. Nf3 Nxf3+ 30. Rxf3 Bxe3+ 31. Rxe3 Rde8 {[%cal Bd8e8,Be8e5,Be5g5][%mdl 32]} 32. Rf1 Kg7 33. Ref3 Re5 34. Qe2 $2 (34. Rf6 $11) 34... h5 $19 35. Rf4 $2 (35. Qf2 $17 Qxf2+ 36. R1xf2) 35... hxg4 $2 (35... Qxh3 $19 {[%cal Rc8g4]} 36. Qf3 Qxf3 37. R4xf3 hxg4) 36. hxg4 $17 Rg5 37. Bd1 $1 Rh8 $2 {[%mdl 8192]} (37... f5 $15 {behält die Oberhand.}) 38. Qg2 $2 {[#]} ({Weiss kommt nicht vorbei an} 38. Rxf7+ $18 Kh6 39. Qf2) 38... Rf8 (38... f5 $1 $15 {[%mdl 512]}) 39. Qf3 f6 40. Rxf6 $2 {[%mdl 8192]} (40. Kg2 $11 Rh8 41. Qg3 Qxg3+ 42. Kxg3) 40... Rxg4+ 41. Qxg4 {[%mdl 32768] Precision: Weiß = 13%, Schwarz = 29%. . Loss on Time!?} 1-0